| 000 | 00551nam a2200181 a 4500 | ||
|---|---|---|---|
| 005 | 20210223120822.0 | ||
| 008 | 991125s1972 ag 000 0 spa u | ||
| 035 | _aUPN01000007750 | ||
| 049 | _aCG | ||
| 050 | 4 |
_aQ158 _bT7.3 |
|
| 100 | 1 | _aTraversoni, Blanca | |
| 245 | 1 | 3 |
_aLa ciencia, el pensamiento y el arte en el siglo XIX / _cBlanca Traversoni. |
| 260 |
_aBuenos Aires : _bKapelusz, _c1972. |
||
| 300 | _a78 p. | ||
| 440 | 0 |
_aCuadernos de estudio. _pHistoria universal ; _v28 |
|
| 650 | 4 |
_aCIENCIA - _xHISTORIA - _ySIGLO XIX _910120 |
|
| 905 | _aLibro | ||
| 999 |
_c7750 _d7750 |
||